[Event "World Blitz 2023"]
[Site "Samarkand UZB"]
[Date "2023.12.29"]
[EventDate "2023.12.29"]
[Round "1.23"]
[Result "1-0"]
[White "AR Saleh Salem"]
[Black "Jakub Kosakowski"]
[WhiteElo "2668"]
[BlackElo "2485"]
[PlyCount "100"]

1. d4 Nf6 2. c4 e6 3. Nf3 d5 4. g3 Bb4+ 5. Bd2 a5 6. Bg2 O-O 7. Qc2 c5 8.
cxd5 cxd4 9. Nxd4 Qb6 10. Nf3 exd5 11. O-O Nc6 12. Nc3 h6 13. Rfd1 Re8 14.
Na4 Qd8 15. Be3 Bg4 16. a3 Bf8 17. Qb3 Rb8 18. Nc3 Bxf3 19. Bxf3 d4 20. Nb5
Bc5 21. Rac1 Bb6 22. Bf4 Ne5 23. Bg2 g5 24. Bxe5 Rxe5 25. e3 Qe7 26. Nxd4
Bxd4 27. Rxd4 b5 28. h4 b4 29. a4 Kg7 30. Rc6 Re8 31. Qd3 Re6 32. Rc1 Ng8
33. hxg5 hxg5 34. Rd5 Nh6 35. Rxa5 Ng4 36. Qf5 Ne5 37. Rd5 Rf6 38. Qxg5+
Ng6 39. Rcd1 b3 40. a5 Qa7 41. Rd7 Qb8 42. Bd5 Re5 43. Qg4 Qb5 44. Bf3 Qxa5
45. Qc4 Ref5 46. R7d5 Qa2 47. Rxf5 Rxf5 48. Be4 Rf6 49. Qc3 Qa4 50. Rd6 1-0

[Event "World Blitz 2023"]
[Site "Samarkand UZB"]
[Date "2023.12.29"]
[EventDate "2023.12.29"]
[Round "1.24"]
[Result "0-1"]
[White "Bardiya Daneshvar"]
[Black "R Praggnanandhaa"]
[WhiteElo "2483"]
[BlackElo "2665"]
[PlyCount "138"]

1. Nf3 Nf6 2. g3 g6 3. b3 Bg7 4. Bb2 d6 5. d4 O-O 6. Bg2 a5 7. c4 a4 8. b4
c6 9. O-O Ne4 10. a3 Nd7 11. Nfd2 Nxd2 12. Nxd2 Nb6 13. Qc2 d5 14. c5 Nd7
15. f4 Nf6 16. h3 h5 17. e3 Bf5 18. Qd1 Qc8 19. Kh2 Kh7 20. Qe1 Kg8 21. Nf3
Be4 22. Qe2 Rb8 23. Bc3 Re8 24. Ra2 Bh6 25. Rb2 Bg7 26. Qd1 Ra8 27. b5 cxb5
28. Rxb5 Nd7 29. Ne5 Bxe5 30. Bxe4 dxe4 31. fxe5 Qc6 32. Qe2 b6 33. Rd1 e6
34. Bb4 bxc5 35. Bxc5 Reb8 36. Rxb8+ Rxb8 37. Bb4 Rc8 38. Rd2 Qc1 39. Qg2
Qb1 40. Rf2 Nb6 41. Rf1 Qd3 42. Qg1 Nd5 43. Bc5 Nxe3 44. Rf2 Nd5 45. Rb2 e3
46. Qe1 Qe4 47. Rb7 Nf4 48. Rb2 Nd3 49. Qb1 Qf5 50. Re2 Nxc5 51. Qxf5 gxf5
52. dxc5 Rxc5 53. Rxe3 Rc2+ 54. Kg1 Ra2 55. Kf1 Kg7 56. h4 Kg6 57. Rf3 Rb2
58. Ke1 Rb5 59. Re3 f4 60. gxf4 Kf5 61. Rc3 Kxf4 62. Rc4+ Kf3 63. Rxa4
Rxe5+ 64. Kd2 f5 65. Ra8 f4 66. a4 Re2+ 67. Kd3 e5 68. a5 e4+ 69. Kd4 e3
0-1

[Event "World Blitz 2023"]
[Site "Samarkand UZB"]
[Date "2023.12.29"]
[EventDate "2023.12.29"]
[Round "1.1"]
[Result "1-0"]
[White "Teimour Radjabov"]
[Black "Savva Vetokhin"]
[WhiteElo "2664"]
[BlackElo "2483"]
[PlyCount "106"]

1. e4 c5 2. Nf3 d6 3. c3 Nf6 4. Be2 g6 5. d3 Bg7 6. Nbd2 O-O 7. O-O Nc6 8.
a3 e5 9. b4 a6 10. Bb2 h6 11. Re1 Be6 12. Rb1 b5 13. Bf1 Nd7 14. Ba1 Qc7
15. h3 Rfb8 16. Rc1 a5 17. bxc5 dxc5 18. d4 exd4 19. cxd4 cxd4 20. Nxd4
Bxd4 21. Bxd4 Qd6 22. Bb2 Rd8 23. Bxb5 Nde5 24. Bxc6 Nxc6 25. Nf3 Qxd1 26.
Rexd1 Rxd1+ 27. Rxd1 a4 28. h4 Bg4 29. Rd6 Bxf3 30. gxf3 Nd8 31. h5 Rb8 32.
Be5 Rb1+ 33. Kg2 Nb7 34. Rc6 gxh5 35. Rc8+ Kh7 36. Rh8+ Kg6 37. Rg8+ Kh7
38. Rg7+ Kh8 39. Rxf7+ Kg8 40. Rc7 Rb3 41. f4 Rb5 42. Rg7+ Kf8 43. Rc7 Kg8
44. f3 Nc5 45. Kg3 Nd3 46. Bd6 Rb1 47. f5 Rg1+ 48. Kh2 Rf1 49. Kg2 Rf2+ 50.
Kg3 h4+ 51. Kxh4 Rxf3 52. Kh5 Nf2 53. Kg6 1-0

[Event "World Blitz 2023"]
[Site "Samarkand UZB"]
[Date "2023.12.29"]
[EventDate "2023.12.29"]
[Round "1.2"]
[Result "0-1"]
[White "Dmitry Bocharov"]
[Black "Van Foreest, Jorden"]
[WhiteElo "2482"]
[BlackElo "2664"]
[PlyCount "102"]

1. Nf3 d5 2. e3 Nf6 3. c4 e6 4. b3 Bd6 5. Bb2 O-O 6. Nc3 Re8 7. Be2 b6 8.
cxd5 exd5 9. Nb5 Be7 10. Be5 Na6 11. Qc2 c5 12. O-O Bb7 13. d4 Ne4 14. Rfd1
Bf6 15. Qb2 Bxe5 16. Nxe5 Qf6 17. Bf3 Ng5 18. Bg4 Re7 19. Nc3 g6 20. Rac1
h5 21. Be2 Nc7 22. Qd2 Rd8 23. f4 Ne4 24. Nxe4 dxe4 25. Qb2 Ne6 26. dxc5
Rxd1+ 27. Rxd1 Nxc5 28. Rd8+ Kg7 29. Qd2 Rc7 30. Rd6 Qe7 31. Qd4 f6 32. Nc4
Rd7 33. f5 Ba6 34. Rxd7 Qxd7 35. fxg6 Qxd4 36. exd4 Ne6 37. Bxh5 Nxd4 38.
Kf2 f5 39. g3 Kf6 40. h4 Nc6 41. Be2 Kxg6 42. Ke3 Kf6 43. a4 Nb4 44. Kd4
Nc6+ 45. Kd5 Na5 46. Nxa5 Bxe2 47. Nc4 Bd1 48. a5 Bxb3 49. axb6 Bxc4+ 50.
Kxc4 axb6 51. Kd4 b5 0-1

[Event "World Blitz 2023"]
[Site "Samarkand UZB"]
[Date "2023.12.29"]
[EventDate "2023.12.29"]
[Round "1.3"]
[Result "0-1"]
[White "Evgeny Tomashevsky"]
[Black "M Pranesh"]
[WhiteElo "2663"]
[BlackElo "2481"]
[PlyCount "64"]

1. e4 e5 2. Nf3 Nc6 3. Bb5 a6 4. Ba4 Nf6 5. d3 Bc5 6. Bxc6 dxc6 7. h3 Bd6
8. Nbd2 Nd7 9. O-O O-O 10. Nc4 Qe7 11. Re1 f6 12. d4 exd4 13. Qxd4 Ne5 14.
Nfxe5 fxe5 15. Qd3 Be6 16. Nxd6 cxd6 17. Be3 Rad8 18. Rad1 Rd7 19. c4 d5
20. cxd5 cxd5 21. exd5 Rxd5 22. Qc3 Qf6 23. b3 h6 24. Kh2 Qg6 25. Qc7 Rf7
26. Qb8+ Kh7 27. Qe8 Rxd1 28. Rxd1 Bxh3 29. Rg1 Qh5 30. Qd8 Bf5+ 31. Kg3
Qg4+ 32. Kh2 Rd7 0-1

[Event "World Blitz 2023"]
[Site "Samarkand UZB"]
[Date "2023.12.29"]
[EventDate "2023.12.29"]
[Round "1.4"]
[Result "0-1"]
[White "Ilia Iljiushenok"]
[Black "Parham Maghsoodloo"]
[WhiteElo "2479"]
[BlackElo "2660"]
[PlyCount "100"]

1. e4 e5 2. Nf3 Nc6 3. Nc3 Nf6 4. Bb5 Bd6 5. d3 h6 6. Ba4 a6 7. a3 Bc5 8.
O-O b5 9. Bb3 d6 10. h3 O-O 11. Be3 Re8 12. Nd5 Be6 13. c3 Bxe3 14. Nxe3 d5
15. exd5 Nxd5 16. Re1 Nf4 17. Bxe6 Rxe6 18. d4 e4 19. Nd2 Qg5 20. Qg4 Ne7
21. Qxg5 hxg5 22. a4 b4 23. cxb4 Nd3 24. Re2 Nxb4 25. Rc1 c6 26. Rc5 Nbd5
27. Nec4 f5 28. Ra5 Nf4 29. Re1 Ned5 30. Ne3 g6 31. Ndc4 Nd3 32. Re2 N5b4
33. d5 cxd5 34. Nxd5 Nxd5 35. Rxd5 Nf4 36. Red2 Nxd5 37. Rxd5 Rc8 38. b3
Rb8 39. Na5 Kg7 40. Rd7+ Kf6 41. Rc7 Rd8 42. Kf1 Rd2 43. Nc4 Rd3 44. b4 f4
45. Ke2 Rb3 46. Rb7 f3+ 47. gxf3 exf3+ 48. Kd1 Re2 49. Rb6+ Kg7 50. Kc1
Rc3+ 0-1

[Event "World Blitz 2023"]
[Site "Samarkand UZB"]
[Date "2023.12.29"]
[EventDate "2023.12.29"]
[Round "1.6"]
[Result "1/2-1/2"]
[White "Grzegorz Nasuta"]
[Black "Anton Korobov"]
[WhiteElo "2467"]
[BlackElo "2649"]
[PlyCount "130"]

1. e4 e6 2. d4 d5 3. e5 c5 4. c3 Nc6 5. Nf3 Bd7 6. Be2 Nge7 7. O-O Nf5 8.
dxc5 Bxc5 9. Bd3 Nh4 10. Nbd2 Ng6 11. Nb3 Bb6 12. Re1 Bc7 13. Bxg6 fxg6 14.
Nc5 b6 15. Bg5 Qc8 16. Nxd7 Qxd7 17. c4 d4 18. Qd3 O-O 19. Rad1 Rf5 20. Bh4
Raf8 21. Nxd4 Nxd4 22. Qxd4 Qxd4 23. Rxd4 Rxe5 24. Rde4 Rxe4 25. Rxe4 Kf7
26. Kf1 h6 27. Rd4 Ke8 28. Bg3 Bxg3 29. hxg3 Ke7 30. Ke2 g5 31. g4 g6 32.
Ke3 h5 33. f3 e5 34. Rd1 hxg4 35. fxg4 Rf4 36. b3 Rxg4 37. Kf3 Rf4+ 38. Ke3
g4 39. Rh1 Ke6 40. Rh8 Rf1 41. Re8+ Kd6 42. Rd8+ Kc6 43. Rg8 Ra1 44. Rxg6+
Kc5 45. Rxg4 Rxa2 46. Rg5 Kb4 47. Rxe5 Kxb3 48. c5 bxc5 49. Rxc5 Rxg2 50.
Rb5+ Kc3 51. Ra5 Rg7 52. Ra6 Rd7 53. Ke2 Kb4 54. Ra2 a5 55. Rd2 Rc7 56. Kd1
Kb3 57. Rd3+ Kb2 58. Rd2+ Kb3 59. Rd3+ Kb4 60. Rd2 a4 61. Rc2 Rh7 62. Kc1
a3 63. Kb1 Kb3 64. Rc1 Rh2 65. Re1 1/2-1/2

[Event "World Blitz 2023"]
[Site "Samarkand UZB"]
[Date "2023.12.29"]
[EventDate "2023.12.29"]
[Round "1.7"]
[Result "1-0"]
[White "Anton Smirnov"]
[Black "Andrew Hong"]
[WhiteElo "2647"]
[BlackElo "2460"]
[PlyCount "82"]

1. e4 c5 2. Nf3 d6 3. d4 cxd4 4. Nxd4 Nf6 5. Nc3 a6 6. Be3 e5 7. Nde2 Nbd7
8. Ng3 b5 9. a4 b4 10. Nd5 Bb7 11. Nxb4 Nxe4 12. Nxe4 Bxe4 13. a5 Qb8 14.
c3 Bb7 15. Bc4 Be7 16. Qg4 Nf6 17. Qxg7 Rf8 18. Bb6 d5 19. Bb3 Qc8 20. Ba4+
Nd7 21. Qxe5 Qc4 22. O-O-O f6 23. Qe6 Bc8 24. Rhe1 Rf7 25. Bc6 Rb8 26. Bxd5
Qf4+ 27. Kb1 Ne5 28. g3 Qh6 29. Rxe5 Bxe6 30. Rxe6 Kf8 31. Nc6 Rc8 32. Ree1
Rg7 33. Nd4 Rg5 34. Ne6+ Ke8 35. Nxg5 Qxg5 36. Be6 Rb8 37. f4 Qh5 38. Rd7
Kf8 39. Rxe7 Qb5 40. Rf7+ Ke8 41. Bc4+ 1-0

[Event "World Blitz 2023"]
[Site "Samarkand UZB"]
[Date "2023.12.29"]
[EventDate "2023.12.29"]
[Round "1.8"]
[Result "1-0"]
[White "Mukhiddin Madaminov"]
[Black "Iturrizaga Bonelli, Eduardo"]
[WhiteElo "2460"]
[BlackElo "2645"]
[PlyCount "154"]

1. e4 c5 2. Nf3 e6 3. d4 cxd4 4. Nxd4 a6 5. Nc3 b5 6. Bd3 Bb7 7. O-O Nc6 8.
Nxc6 Bxc6 9. Re1 Bc5 10. Qh5 Qb6 11. Be3 Bxe3 12. Rxe3 Ne7 13. Qg5 Ng6 14.
h4 h6 15. Qg3 Qc5 16. e5 O-O 17. h5 Ne7 18. Qg4 b4 19. Ne2 f5 20. exf6 Rxf6
21. Qd4 Qxh5 22. Re5 Qf7 23. Rf1 a5 24. f3 Bd5 25. Qh4 Rf8 26. Re3 Nf5 27.
Bxf5 Rxf5 28. Qf2 Qg6 29. Ng3 Rg5 30. Ne4 Bxe4 31. Rxe4 Qxe4 32. fxe4 Rxf2
33. Rxf2 Rc5 34. Rd2 Rc7 35. Kf2 Kf7 36. Ke3 Kf6 37. Kd4 d6 38. c4 bxc3 39.
bxc3 Rc5 40. Rf2+ Ke7 41. Rb2 Rg5 42. Ke3 Kf6 43. Kf3 Rc5 44. Rb3 Ke5 45.
Ke3 h5 46. a4 g5 47. Kd3 Kf4 48. Rb6 Kg3 49. Rxd6 Kxg2 50. Rxe6 h4 51. Kd4
Rc8 52. Rg6 Rd8+ 53. Ke3 h3 54. Rxg5+ Kf1 55. Rh5 Kg2 56. Rg5+ Kf1 57. Rxa5
Rh8 58. Rf5+ Kg1 59. Rg5+ Kf1 60. Rf5+ Kg1 61. Rb5 h2 62. Rb1+ Kg2 63. e5
Rh4 64. a5 Ra4 65. Kd3 Rxa5 66. Kd4 Rb5 67. Rc1 Rb2 68. c4 Rd2+ 69. Kc5 Rf2
70. e6 Rf1 71. Rxf1 Kxf1 72. e7 h1=Q 73. e8=Q Qg1+ 74. Kb5 Qd4 75. Qf7+ Ke2
76. Qe6+ Kf2 77. Qb6 1-0

[Event "World Blitz 2023"]
[Site "Samarkand UZB"]
[Date "2023.12.29"]
[EventDate "2023.12.29"]
[Round "1.9"]
[Result "1-0"]
[White "Santosh Gujrathi Vidit"]
[Black "Mohamed Tissir"]
[WhiteElo "2642"]
[BlackElo "2458"]
[PlyCount "52"]

1. d4 Nf6 2. c4 g6 3. g3 Bg7 4. Bg2 O-O 5. Nc3 d6 6. Nf3 a6 7. O-O Nc6 8.
Bf4 h6 9. d5 Na5 10. b3 c5 11. dxc6 Nxc6 12. Rc1 Bd7 13. h3 b5 14. Nd5 g5
15. Be3 Rb8 16. Nxf6+ Bxf6 17. c5 dxc5 18. Rxc5 Qe8 19. h4 g4 20. Nd4 Nxd4
21. Bxd4 e5 22. Be3 Bg7 23. Qd6 Qe6 24. Rd1 Rfd8 25. Rcd5 Qxd6 26. Rxd6 1-0

[Event "World Blitz 2023"]
[Site "Samarkand UZB"]
[Date "2023.12.29"]
[EventDate "2023.12.29"]
[Round "1.10"]
[Result "0-1"]
[White "Mukhammadzokhid Suyarov"]
[Black "Maxim Matlakov"]
[WhiteElo "2449"]
[BlackElo "2638"]
[PlyCount "46"]

1. e4 e5 2. Nf3 Nc6 3. Nc3 Nf6 4. a3 d5 5. exd5 Nxd5 6. Bb5 Nxc3 7. bxc3
Bd6 8. d4 exd4 9. O-O O-O 10. cxd4 Bg4 11. Be3 Qf6 12. h3 Bxf3 13. Qxf3
Qxf3 14. gxf3 Ne7 15. Bd3 Ng6 16. a4 Nf4 17. Bxf4 Bxf4 18. Rfe1 Rfd8 19.
Re4 Bg5 20. Rb1 b6 21. Bc4 c6 22. Bb3 Rd7 23. Rf1 Kf8 0-1

[Event "World Blitz 2023"]
[Site "Samarkand UZB"]
[Date "2023.12.29"]
[EventDate "2023.12.29"]
[Round "1.11"]
[Result "0-1"]
[White "Vahap Sanal"]
[Black "Gabriel Gaehwiler"]
[WhiteElo "2637"]
[BlackElo "2448"]
[PlyCount "96"]

1. e4 c5 2. Nf3 d6 3. Bb5+ Bd7 4. Bxd7+ Nxd7 5. O-O Ngf6 6. Qe2 e6 7. c4
Ne5 8. b3 Nfd7 9. Bb2 Be7 10. Nxe5 dxe5 11. f4 exf4 12. Rxf4 Qc7 13. Rf1
Bf6 14. Bxf6 gxf6 15. Nc3 Qe5 16. Rad1 a6 17. Qe3 Nb8 18. Na4 Nd7 19. d4
cxd4 20. Rxd4 Ke7 21. Rfd1 Rad8 22. Qc3 Nc5 23. Nxc5 Qxc5 24. b4 Qe5 25. b5
Qc5 26. Kf1 axb5 27. Qe3 Rxd4 28. Rxd4 Rc8 29. Qd2 Rc7 30. cxb5 Qxb5+ 31.
Kf2 Qc5 32. Ke2 Qh5+ 33. Kf2 Qc5 34. Ke2 b5 35. g4 Kf8 36. Qh6+ Ke7 37. Qd2
Ra7 38. Rd3 Qc4 39. Kf3 Qc5 40. Kg2 Qc6 41. Qb4+ Ke8 42. Rc3 Qd7 43. a3 Ra4
44. Qc5 Rxe4 45. Qf2 Qd5 46. Kh3 Rc4 47. Rf3 Qe4 48. Rxf6 Qxg4# 0-1

[Event "World Blitz 2023"]
[Site "Samarkand UZB"]
[Date "2023.12.29"]
[EventDate "2023.12.29"]
[Round "1.12"]
[Result "1/2-1/2"]
[White "Mamikon Gharibyan"]
[Black "Laurent Fressinet"]
[WhiteElo "2444"]
[BlackElo "2636"]
[PlyCount "132"]

1. e4 e5 2. Nf3 Nc6 3. Bb5 Nf6 4. d3 Bc5 5. Bxc6 dxc6 6. h3 Qe7 7. Nbd2 Be6
8. Qe2 Nd7 9. Nc4 f6 10. Ne3 O-O-O 11. Bd2 Kb8 12. a3 g6 13. b4 Bb6 14. a4
f5 15. a5 Bxe3 16. Qxe3 fxe4 17. dxe4 Bc4 18. O-O-O Qe6 19. Bc3 Bb5 20. Kb2
Rhe8 21. Rd2 c5 22. bxc5 Qc6 23. Rhd1 Kc8 24. Nxe5 Nxe5 25. Rxd8+ Rxd8 26.
Rxd8+ Kxd8 27. Qg5+ Kc8 28. Qxe5 Bf1 29. Qh8+ Kd7 30. Qxh7+ Kc8 31. Qg8+
Kd7 32. Qf7+ Kc8 33. Qf8+ Kd7 34. f4 Qxe4 35. Qf7+ Kc6 36. g4 Bxh3 37. Qf6+
Kb5 38. Qd4 Qxd4 39. Bxd4 Bxg4 40. Bc3 Kxc5 41. Bd2 Kc4 42. Be3 a6 43. Bd2
Bf5 44. Bc3 b5 45. axb6 cxb6 46. Be5 b5 47. c3 a5 48. Bc7 a4 49. Bd6 Kd5
50. Bb8 Ke4 51. Bc7 Kd3 52. Bd6 Be4 53. Be5 Bd5 54. Bd6 Ke4 55. Bc7 Bc4 56.
Bb8 Kd5 57. Bc7 Kc5 58. Bb8 b4 59. cxb4+ Kxb4 60. Bd6+ Kb5 61. Ka3 Kc6 62.
Bb8 Bb3 63. Be5 Kd5 64. Bb8 Bd1 65. Kb4 Ke4 66. Ka3 1/2-1/2

[Event "World Blitz 2023"]
[Site "Samarkand UZB"]
[Date "2023.12.29"]
[EventDate "2023.12.29"]
[Round "1.13"]
[Result "1/2-1/2"]
[White "Rauf Mamedov"]
[Black "Venkataraman Karthik"]
[WhiteElo "2635"]
[BlackElo "2440"]
[PlyCount "80"]

1. e4 c5 2. Nf3 d6 3. Nc3 Nf6 4. g3 Nc6 5. Bg2 g6 6. O-O Bg7 7. d3 Rb8 8.
a4 a6 9. Re1 O-O 10. e5 Ne8 11. exd6 Nxd6 12. Bf4 h6 13. Ne5 Nd4 14. Nc4 b5
15. axb5 axb5 16. Nxd6 exd6 17. Ne4 Rb6 18. Nc3 Ne6 19. Bd2 Bb7 20. Nd5 Ra6
21. Rxa6 Bxa6 22. h4 Bb7 23. h5 g5 24. c3 Re8 25. Qb3 Qa5 26. Nf6+ Bxf6 27.
Bxb7 Qa4 28. Bd5 Qxb3 29. Bxb3 Nc7 30. Rxe8+ Nxe8 31. Kg2 Nc7 32. Kf3 d5
33. Kg4 c4 34. dxc4 bxc4 35. Bd1 d4 36. Kf5 Kg7 37. cxd4 Bxd4 38. Be2 Nb5
39. Ke4 Bxb2 40. Bxc4 Nd6+ 1/2-1/2

[Event "World Blitz 2023"]
[Site "Samarkand UZB"]
[Date "2023.12.29"]
[EventDate "2023.12.29"]
[Round "1.14"]
[Result "1/2-1/2"]
[White "Subramaniyam H Bharath"]
[Black "Shant Sargsyan"]
[WhiteElo "2435"]
[BlackElo "2633"]
[PlyCount "154"]

1. b3 d5 2. Bb2 Bf5 3. d3 Nf6 4. Nd2 e6 5. g3 h6 6. Bg2 Be7 7. e4 Bh7 8.
Ngf3 O-O 9. Qe2 c5 10. O-O Nc6 11. Ne5 Nd4 12. Qd1 Rc8 13. f4 Qc7 14. c3
Nc6 15. Nxc6 bxc6 16. Qe2 Rfd8 17. e5 Nd7 18. Rfd1 a5 19. c4 Rb8 20. a4 Rb7
21. Rac1 Nb8 22. Ba3 Na6 23. d4 Nb4 24. cxd5 cxd5 25. Nf3 Qb6 26. Bf1 cxd4
27. Qf2 d3 28. Qxb6 Rxb6 29. Nd4 Re8 30. Bxb4 Rxb4 31. Bxd3 Bxd3 32. Rxd3
Rb6 33. Kf1 g6 34. Ke2 Kf8 35. Rc7 Reb8 36. Rdc3 R8b7 37. Rc8+ Kg7 38. Kd3
h5 39. R3c7 Rxc7 40. Rxc7 Ba3 41. Nb5 Bb4 42. Nd4 Kf8 43. Rc8+ Kg7 44. Rc7
Kf8 45. Rc6 Rb8 46. Ra6 Be1 47. Rc6 Bf2 48. Rc3 Bxd4 49. Kxd4 Rb4+ 50. Kd3
Ke7 51. Kc2 Re4 52. Kd2 Rb4 53. Kc2 Re4 54. Kd3 Rb4 55. Rc7+ Kd8 56. Rxf7
Rxb3+ 57. Kd4 Ke8 58. Rf6 Ke7 59. Rxg6 Rb2 60. Rg7+ Kf8 61. Rg6 Kf7 62.
Rf6+ Ke7 63. Rh6 Rd2+ 64. Kc5 Rc2+ 65. Kd4 Rd2+ 66. Kc5 Rc2+ 67. Kb5 d4 68.
Rh7+ Ke8 69. Rh8+ Ke7 70. Rh7+ Kd8 71. Rh8+ Kd7 72. Rh7+ Ke8 73. Rh8+ Ke7
74. Rh7+ Ke8 75. Rh6 Ke7 76. f5 exf5 77. Rd6 1/2-1/2

[Event "World Blitz 2023"]
[Site "Samarkand UZB"]
[Date "2023.12.29"]
[EventDate "2023.12.29"]
[Round "1.15"]
[Result "1-0"]
[White "Aleksandar Indjic"]
[Black "Arystan Isanzhulov"]
[WhiteElo "2631"]
[BlackElo "2431"]
[PlyCount "50"]

1. e4 c5 2. Nc3 Nc6 3. Bb5 g6 4. Bxc6 bxc6 5. d3 Bg7 6. f4 d6 7. Nf3 c4 8.
d4 Bg4 9. Be3 Qb6 10. O-O Qxb2 11. Qd2 Bxf3 12. Rab1 Qa3 13. Rxf3 Nf6 14.
f5 O-O 15. Bh6 Qa5 16. Rh3 Rab8 17. Re1 Qb6 18. Bxg7 Kxg7 19. e5 dxe5 20.
Qh6+ Kg8 21. Ne4 Qxd4+ 22. Kf1 Rfd8 23. fxg6 fxg6 24. Nxf6+ exf6 25. Qxh7+
Kf8 1-0

[Event "World Blitz 2023"]
[Site "Samarkand UZB"]
[Date "2023.12.29"]
[EventDate "2023.12.29"]
[Round "1.17"]
[Result "1-0"]
[White "Zhamsaran Tsydypov"]
[Black "Mittal Aditya"]
[WhiteElo "2626"]
[BlackElo "2425"]
[PlyCount "70"]

1. e4 c5 2. Nf3 d6 3. d4 cxd4 4. Nxd4 Nf6 5. Nc3 a6 6. Bg5 e6 7. Qe2 Be7 8.
h4 h6 9. Be3 b5 10. a3 Bb7 11. f3 Nc6 12. O-O-O Qc7 13. g4 Ne5 14. Bh3 Nc4
15. g5 Nh5 16. g6 Bc8 17. gxf7+ Kxf7 18. Rhg1 Bf6 19. f4 Nxe3 20. Qxe3 Qc5
21. b4 Qc4 22. e5 Bxh4 23. Qf3 g6 24. Ne4 Qa2 25. Nxd6+ Kf8 26. Kd2 Qb2 27.
Nb3 Ra7 28. Rxg6 Rc7 29. Rc1 Ng7 30. Qd3 Bd7 31. Nc5 Be7 32. Rcg1 Rg8 33.
Nxd7+ Rxd7 34. Bxe6 Rd8 35. Qf5+ 1-0

[Event "World Blitz 2023"]
[Site "Samarkand UZB"]
[Date "2023.12.29"]
[EventDate "2023.12.29"]
[Round "1.18"]
[Result "0-1"]
[White "Matvey Galchenko"]
[Black "Alexander Riazantsev"]
[WhiteElo "2424"]
[BlackElo "2621"]
[PlyCount "94"]

1. e4 c5 2. c3 d5 3. exd5 Nf6 4. Qa4+ Nbd7 5. Qb3 a6 6. a4 Qc7 7. Nf3 Ne5
8. Be2 c4 9. Qd1 Nxf3+ 10. Bxf3 Qe5+ 11. Qe2 Qxe2+ 12. Kxe2 Bf5 13. d4
cxd3+ 14. Kd1 O-O-O 15. c4 e6 16. Nc3 Bb4 17. Bg5 h6 18. Bxf6 gxf6 19. Kd2
e5 20. Rhe1 Rhe8 21. g4 Bd7 22. Kxd3 f5 23. gxf5 Bxf5+ 24. Be4 Bd7 25. Bf3
f5 26. Bh5 Re7 27. f3 Rg8 28. Rg1 Rg5 29. Rxg5 hxg5 30. Rg1 Rg7 31. h4 g4
32. fxg4 Bc5 33. Rg2 e4+ 34. Ke2 Bd4 35. Kf1 Bxc3 36. bxc3 f4 37. Re2 e3
38. g5 Bh3+ 39. Kg1 Rh7 40. Bf3 Rxh4 41. Rh2 Kd8 42. d6 Rh7 43. Bg2 f3 44.
Rxh3 e2 45. Kf2 fxg2 46. Rg3 Rh1 47. Kxe2 g1=Q 0-1

[Event "World Blitz 2023"]
[Site "Samarkand UZB"]
[Date "2023.12.29"]
[EventDate "2023.12.29"]
[Round "1.19"]
[Result "0-1"]
[White "Giga Quparadze"]
[Black "Andrey Gorovets"]
[WhiteElo "2617"]
[BlackElo "2418"]
[PlyCount "138"]

1. e4 c5 2. Nf3 Nc6 3. Bb5 Nf6 4. Bxc6 dxc6 5. d3 Bg4 6. Nbd2 Nd7 7. h3 Bh5
8. Nf1 Bg6 9. Ng3 e5 10. b3 Be7 11. O-O Qc7 12. Bb2 O-O 13. Nh2 b5 14. Ng4
f6 15. Nf5 Rfe8 16. Qf3 Nf8 17. h4 Ne6 18. h5 Ng5 19. Qe2 Bxf5 20. exf5 h6
21. Ne3 Bf8 22. Qg4 Rad8 23. a4 e4 24. Rfd1 exd3 25. cxd3 a6 26. axb5 axb5
27. Nf1 Qf7 28. Rab1 Kh8 29. f4 Nh7 30. Qg6 Qd5 31. Nh2 c4 32. bxc4 bxc4
33. d4 Re2 34. Bc3 c5 35. Nf3 Qe4 36. Ba5 Ra8 37. Ra1 cxd4 38. Nxd4 Bc5 39.
Bc3 Rd8 40. Kh1 Nf8 41. Qg4 Bxd4 42. Ra7 Bxa7 43. Rxd8 Bc5 44. Rd1 Qc2 45.
Rf1 Rf2 46. Rxf2 Qxf2 47. Kh2 Qg1+ 48. Kh3 Qe3+ 49. Qg3 Qxg3+ 50. Kxg3 Nd7
51. Kf3 Nb6 52. Ke4 Na4 53. Ba5 c3 54. Kd3 Bd6 55. g3 Bc5 56. Kc2 Bf2 57.
g4 Be3 58. Bc7 Bd2 59. Bd6 Nb6 60. g5 hxg5 61. fxg5 fxg5 62. Be5 Kh7 63. f6
gxf6 64. Bxf6 Nd5 65. Bd4 Kh6 66. Kd3 Kxh5 67. Be5 Kg6 68. Bg3 Kf5 69. Kc4
0-1

[Event "World Blitz 2023"]
[Site "Samarkand UZB"]
[Date "2023.12.29"]
[EventDate "2023.12.29"]
[Round "1.20"]
[Result "0-1"]
[White "Abdimalik Abdisalimov"]
[Black "Anton Guijarro, David"]
[WhiteElo "2417"]
[BlackElo "2616"]
[PlyCount "98"]

1. c4 e5 2. d3 f5 3. g3 Nf6 4. Bg2 Be7 5. Nc3 O-O 6. e3 c6 7. Nf3 d6 8. O-O
a5 9. b3 h6 10. Bb2 Be6 11. c5 Nbd7 12. cxd6 Bxd6 13. Nh4 Qe8 14. e4 f4 15.
Nf5 Bc5 16. Kh1 Bxf5 17. exf5 Bd4 18. Rb1 Rd8 19. Qe2 Nc5 20. Ba3 Rf7 21.
Bxc5 Bxc5 22. Ne4 Bd4 23. Nxf6+ Rxf6 24. Be4 Qe7 25. Rg1 Kh8 26. Rbc1 Rff8
27. Rc2 Ra8 28. Rc4 Rfd8 29. Kg2 Ra6 30. Qg4 Qf6 31. Kf3 b5 32. Rc2 c5 33.
Qg6 Qxg6 34. fxg6 Rf8 35. g4 a4 36. bxa4 Rxa4 37. g5 hxg5 38. Rxg5 Rd8 39.
Bf5 Kg8 40. Be6+ Kf8 41. Rf5+ Ke7 42. Bb3 Ra3 43. Rf7+ Kd6 44. Rxg7 e4+ 45.
dxe4 Bxg7 46. Kxf4 c4 47. Bxc4 bxc4 48. Rxc4 Rf8+ 49. Kg5 Rxf2 0-1

[Event "World Blitz 2023"]
[Site "Samarkand UZB"]
[Date "2023.12.29"]
[EventDate "2023.12.29"]
[Round "1.21"]
[Result "0-1"]
[White "Andrey Esipenko"]
[Black "Arystanbek Urazayev"]
[WhiteElo "2615"]
[BlackElo "2408"]
[PlyCount "58"]

1. e4 e5 2. Nf3 Nc6 3. Bc4 Bc5 4. d3 Nf6 5. O-O d6 6. c3 a5 7. Re1 O-O 8.
h3 h6 9. Nbd2 a4 10. Bb5 Bd7 11. Nf1 Ne7 12. Bxd7 Nxd7 13. Ng3 f5 14. exf5
Nxf5 15. Nxf5 Rxf5 16. d4 Bb6 17. Be3 e4 18. Nd2 d5 19. Qg4 Qf6 20. Bxh6
Rf8 21. Be3 c6 22. f3 exf3 23. Nxf3 Bc7 24. Nh4 Rf2 25. Qxd7 Bg3 26. Kh1
Rxb2 27. Rf1 Qxf1+ 28. Rxf1 Rxf1+ 29. Bg1 Rxg1+ 0-1

[Event "World Blitz 2023"]
[Site "Samarkand UZB"]
[Date "2023.12.29"]
[EventDate "2023.12.29"]
[Round "1.22"]
[Result "0-1"]
[White "Sumiya Bilguun"]
[Black "Hans Moke Niemann"]
[WhiteElo "2407"]
[BlackElo "2614"]
[PlyCount "86"]

1. e4 c5 2. Nc3 Nc6 3. Bb5 Nd4 4. Nf3 a6 5. Bd3 e6 6. Nxd4 cxd4 7. Ne2 d5
8. e5 Qg5 9. O-O Qxe5 10. b3 Bc5 11. Bb2 Ne7 12. f4 Qf6 13. Kh1 Nc6 14. a3
h5 15. Qe1 Bd7 16. b4 Ba7 17. Rc1 h4 18. h3 Rc8 19. Ng1 Bb8 20. Qf2 Rg8 21.
Ne2 g5 22. fxg5 Qxf2 23. Rxf2 e5 24. Bf5 Bxf5 25. Rxf5 Ne7 26. Rf2 Rxg5 27.
Ng1 e4 28. Ne2 d3 29. cxd3 Rxc1+ 30. Nxc1 Nf5 31. dxe4 dxe4 32. Ne2 Ng3+
33. Nxg3 hxg3 34. Re2 Rf5 35. Rxe4+ Kd7 36. Re1 Rf2 37. Bc3 f5 38. Kg1 Ba7
39. Kh1 f4 40. d4 Rc2 41. Ba1 Kc6 42. h4 Kd5 43. h5 Rc6 0-1

[Event "World Blitz 2023"]
[Site "Samarkand UZB"]
[Date "2023.12.29"]
[EventDate "2023.12.29"]
[Round "1.23"]
[Result "1-0"]
[White "Ivan Cheparinov"]
[Black "Tigran K Harutyunyan"]
[WhiteElo "2613"]
[BlackElo "2407"]
[PlyCount "104"]

1. e4 e5 2. Nf3 Nc6 3. Bb5 a6 4. Ba4 Nf6 5. O-O Be7 6. d3 b5 7. Bb3 O-O 8.
Bd2 h6 9. Re1 Bc5 10. Nc3 d6 11. Nd5 Bg4 12. h3 Bh5 13. Nxf6+ Qxf6 14. g4
Bg6 15. Bd5 Nd4 16. Nxd4 Bxd4 17. Be3 Bxb2 18. Rb1 Bc3 19. Bxa8 Bxe1 20.
Bb7 Bc3 21. Bxa6 Ra8 22. Bxb5 Rxa2 23. Bc4 Ra8 24. Kg2 c6 25. Qf3 Qxf3+ 26.
Kxf3 Rd8 27. Rb6 d5 28. Bb3 dxe4+ 29. dxe4 Rd6 30. Bc5 Rf6+ 31. Ke3 Bd4+
32. Bxd4 exd4+ 33. Kxd4 Rxf2 34. Rxc6 Rd2+ 35. Ke3 Rh2 36. Rxg6 Rxh3+ 37.
Kf4 Rc3 38. e5 Kf8 39. Rd6 Ke7 40. Ra6 g5+ 41. Ke4 Rg3 42. Ra7+ Kd8 43.
Rxf7 Rxg4+ 44. Kd5 Rg2 45. e6 g4 46. Ba4 Rd2+ 47. Ke5 Re2+ 48. Kf6 Rf2+ 49.
Kg7 Re2 50. Rd7+ Kc8 51. e7 g3 52. Rd8+ 1-0